pokemon main series games - Statistics

General Stats
  • This quiz has been taken 63 times
  • The average score is 23 of 26
Answer Stats
year game % Correct
2013 y
100%
1996 blue
98%
1996 red
98%
1998 yellow
98%
2013 x
96%
1999 gold
94%
1999 silver
94%
2010 black
90%
2016 moon
90%
2016 sun
90%
2006 diamond
88%
2003 firered
88%
2006 pearl
88%
2002 ruby
88%
2010 white
88%
2012 black2
86%
2003 leafgreen
86%
2002 sapphire
86%
2012 white2
86%
2000 crystal
84%
2005 emerald
84%
2009 heartgold
84%
2009 soulsilver
84%
2008 platinum
82%
2014 alphasapphire
76%
2014 omegaruby
76%
No matching quizzes found
Score Distribution
Percent of People with Each Score
Percentile by Number Answered
Your Score History
You have not taken this quiz